000 00244nam a2200109Ia 4500
008 190216s9999||||xx |||||||||||||| ||und||
100 _aYasinev
245 0 _aChinayum Adirthi Tharkangalum
260 _bShilpi
650 _aHistory
942 _cBK
999 _c19407
_d19407